000 00327nam a2200097Ia 4500
082 _a658.11 HESS
245 0 _aSo, you want to start a business? : 8 steps to take before making the leap
100 _a HESS, Edward D. Upper Saddle River, NJ, 2009
_994847
942 _cBK
008 210817s9999 xx 000 0 und d
999 _c389805
_d389804